| 000 | 00538cam a22002171 4500 | ||
|---|---|---|---|
| 001 | sa 64000571 | ||
| 003 | DLC | ||
| 005 | 20260227111957.0 | ||
| 008 | 890811s1962 ii 000 0 beno | ||
| 010 | _asa 64000571 | ||
| 035 | _a(OCoLC)20161797 | ||
| 040 |
_aDLC _cWaU _dDLC |
||
| 042 | _apremarc | ||
| 050 | 0 | 0 |
_aPK1718.D355 _bZ7 |
| 100 | 1 | _aGupta, Kshetra. | |
| 245 | 0 | 0 | _aSatyendranāthera kābyabicāra. |
| 260 | _c[1962] | ||
| 300 |
_a200 p. _c19 cm. |
||
| 500 | _aIn Bengali. | ||
| 600 | 1 | 0 |
_aDatta, Satyendranath, _d1882-1922. |
| 999 |
_c56313 _d56313 |
||